En busca del niño en la estructura: estudio psicoanalítico de la infancia y su patología

Guardat en:
Dades bibliogràfiques
Autor principal: Hartmann, Alicia (Autor)
Format: Llibre
Idioma:espanyol
Publicat: Buenos Aires Manantial 1993
Col·lecció:Colección Estudios de Psicoanálisis
Matèries:
Etiquetes: Afegir etiqueta
Sense etiquetes, Sigues el primer a etiquetar aquest registre!

MARC

LEADER 00000nam a2200000 a 4500
001 UCO0058
003 CL-VaPUC
008 000407e19930000AG |||||||||||||||||spa|d
082 0 4 |a 150.195  |b HAR  |2 21 
100 0 |a Hartmann, Alicia  |e author  |9 441029 
245 1 0 |a En busca del niño en la estructura: estudio psicoanalítico de la infancia y su patología 
300 |a 223 p 
942 |c BK 
945 |d 20000407 00:00:00  |a rbrito 
260 |a Buenos Aires  |b Manantial  |c 1993 
650 0 |a Psicoanálisis   |9 265702 
650 7 |a PSICOANALISIS INFANTIL  |2 CL-VaPUC  |9 441030 
650 7 |a PSICOTERAPIA  |2 CL-VaPUC  |9 441031 
650 0 |a Terapia familiar  |9 312193 
583 |a last modification  |c 20000407 00:00:00  |k Rodrigo Vera 
490 0 |a Colección Estudios de Psicoanálisis 
999 |c 286781  |d 286779 
952 |0 0  |1 0  |4 0  |6 150_195000000000000_HAR_1993  |7 0  |8 A  |9 332908  |a BIBEDU  |b BIBEDU  |d 2019-11-20  |i 3612740  |o 150.195 HAR 1993  |p 3612740  |r 2019-11-20  |w 2019-11-20  |y BK  |k PSI